Car models starting with J by pictures - Statistics

General Stats
  • This quiz has been taken 68 times
  • The average score is 6 of 10
Answer Stats
Picture Hint Answer % Correct
Nissan Juke
88%
Koenigsegg Jesko
80%
Willys Jeep
78%
Volkswagen Jetta
78%
Honda Jazz
76%
Suzuki Jimny
75%
Dodge Journey
46%
Dacia Jogger
34%
Lamborghini Jarama
25%
Subaru Justy
22%
No matching quizzes found
Score Distribution
Percent of People with Each Score
Percentile by Number Answered
Your Score History
You have not taken this quiz